000
00243nam a2200085Ia 4500
008
211105s9999 xx 000 0 und d
020
_a
"
100
_a
ERICKSON, Karen ; ROFFEY, Maureen ** Sandton, 1988
_9
124085
245
0
_a
Ongelukkies en glipsies
999
_c
592003
_d
592002